The Mighty Thor by Walter Simonson. (Record no. 1026)

MARC details
000 -LEADER
fixed length control field 00576nam a2200193 a 4500
005 - DATE AND TIME OF LATEST TRANSACTION
control field 20260322212043.0
008 - FIXED-LENGTH DATA ELEMENTS--GENERAL INFORMATION
fixed length control field data
020 ## - INTERNATIONAL STANDARD BOOK NUMBER
International Standard Book Number 9780785184607
099 ## - LOCAL FREE-TEXT CALL NUMBER (OCLC)
Classification number SIMONW
001 - CONTROL NUMBER
control field data
100 1# - MAIN ENTRY--PERSONAL NAME
Personal name Simonson, Walter
245 14 - TITLE STATEMENT
Title The Mighty Thor by Walter Simonson.
Statement of responsibility, etc. Walter Simonson, Terry Austin & Steve Oliff.
260 ## - PUBLICATION, DISTRIBUTION, ETC.
Place of publication, distribution, etc. New York, NY :
Name of publisher, distributor, etc. Marvel Worldwide, Inc.,
Date of publication, distribution, etc. 2013.
300 ## - PHYSICAL DESCRIPTION
Extent 215 pages, 17 unnumbered pages : chiefly color illustrations ;
Other physical details 26 cm.
650 #0 - SUBJECT ADDED ENTRY--TOPICAL TERM
Topical term or geographic name entry element Science fiction
650 #0 - SUBJECT ADDED ENTRY--TOPICAL TERM
Topical term or geographic name entry element Superheroes
700 1# - ADDED ENTRY--PERSONAL NAME
Personal name Austin, Terry
Dates associated with a name 1952-
700 1# - ADDED ENTRY--PERSONAL NAME
Personal name Oliff, Steve
Holdings
Withdrawn status Lost status Damaged status Not for loan Home library Current library Shelving location Date acquired Total checkouts Full call number Barcode Date last seen Price effective from Koha item type
        Franklin Franklin General stacks 22/03/2026   GEN BC0011060 22/03/2026 22/03/2026 Books